[Event "Lefkos Pyrgos int 7th"]
[Site "Thessaloniki"]
[Date "2003.12.27"]
[Round "8"]
[White "Argiroudis, Stamatis"]
[Black "Papahristou, Nikolaos"]
[Result "0-1"]
[WhiteElo "2219"]
[BlackElo "2005"]
[PlyCount "82"]
[EventDate "2003.12.20"]
[EventType "swiss"]
[EventRounds "9"]
[EventCountry "GRE"]
[SourceTitle "CBM 097 Extra"]
[Source "ChessBase"]
[SourceDate "2004.01.13"]
[SourceVersion "1"]
[SourceVersionDate "2004.01.13"]
[SourceQuality "1"]

1. d4 d5 2. Nf3 Bf5 3. c4 e6 4. Nc3 c6 5. g3 Nf6 6. Bg2 Nbd7 7. 0-0 dxc4 8. Re1 Bb4 9. Nh4 Bg4 10. h3 Bh5 11. g4 Nd5 12. Bd2 Bxc3 13. bxc3 Qxh4 14. e4 Bxg4 15. hxg4 N5f6 16. g5 Ng4 17. Qf3 f6 18. Bh3 h5 19. Rab1 0-0-0 20. g6 e5 21. Rb4 Nb6 22. Be3 Kc7 23. dxe5 Nxe3 24. Rxe3 Qg5+ 25. Qg3 Qxg3+ 26. Rxg3 fxe5 27. Rg5 Rd3 28. Bf1 Rxc3 29. Rf5 Rd8 30. Rf7+ Rd7 31. Be2 Rxf7 32. gxf7 Nd7 33. Rxc4 Rxc4 34. Bxc4 b5 35. Bb3 c5 36. f4 c4 37. Bd1 Kd6 38. Bxh5 exf4 39. Bg4 Nf8 40. Kf2 Ke7 41. a3 Kxf7 0-1

[Event "Ikaros op"]
[Site "Ikaros"]
[Date "1994.??.??"]
[Round "?"]
[White "Papahristou, Nikolaos"]
[Black "Kourkounakis, Ilias"]
[Result "0-1"]
[WhiteElo "2110"]
[BlackElo "2405"]
[PlyCount "42"]
[EventDate "1994.??.??"]
[EventType "swiss"]
[EventRounds "9"]
[EventCountry "GRE"]
[SourceTitle "EXT 1999"]
[Source "ChessBase"]
[SourceDate "1998.11.16"]
[SourceVersion "1"]
[SourceVersionDate "1998.11.16"]
[SourceQuality "1"]

1. d4 d5 2. c4 Nc6 3. Nc3 dxc4 4. Nf3 a6 5. e4 b5 6. Bf4 e6 7. g3 Nf6 8. e5 Nd5 9. Bg5 Qd7 10. Bg2 h6 11. Bd2 Bb7 12. 0-0 Be7 13. h4 0-0-0 14. Nxd5 Qxd5 15. Ng5 Qxg2+ 16. Kxg2 Nxd4+ 17. f3 hxg5 18. Kh3 Nf5 19. Qe2 Rd3 20. Rad1 gxh4 21. g4 Nd4 0-1